[Event "1st Gujarat GM Open 2018"]
[Site "Ahmedabad"]
[Date "2018.10.09"]
[Round "6"]
[White "Polakhare Aryan"]
[Black "Arpita, Mukherjee"]
[Result "0-1"]
[WhiteElo "1920"]
[BlackElo "2147"]
[Annotator "TA"]
[PlyCount "126"]
[EventDate "2018.10.05"]
[EventType "swiss"]
[EventCountry "IND"]
[SourceTitle "playchess.com"]
[Source "ChessBase"]
[SourceQuality "1"]

{[%evp 17,125,12,20,18,17,-33,-28,-30,-35,-52,-50,-50,-51,-66,0,-32,-11,-30,-37,-87,-70,-70,-70,-66,-70,-67,-47,-56,-12,-99,-86,-141,-68,-56,-50,-107,-104,-162,-172,-196,-182,-229,-231,-204,-161,-172,-109,-118,-106,-114,-108,-138,-125,-165,-172,-190,-189,-337,-150,-161,-157,-777,-764,-808,-808,-751,-290,-783,-783,-772,-758,-748,-730,-835,-747,-826,-826,-2424,-2348,-2334,-2237,-1813,-1370,-5310,-3170,-29980,-29981,-29981,-29982,-29982,-29983,-29983,-29984,-29984,-29985,-29985,-29986,-29990,-29991,-29991,-29992,-29993,-29993,-29993,-29992,-29996,-29996,-29998,-29999,-29999]} 1. e4 c5 2. Nf3 d6 3. Nc3 e5 4. Bc4 Nc6 5. d3 Be7 6. h3 Nf6 7. a4 {B30: Sicilian: 2...Nc6 3 Bb5, lines without ...g6} (7. O-O O-O 8. Bd2 Na5 9. Qe2 Nxc4 10. dxc4 Be6 11. Rad1 Qc7 12. Bg5 Ne8 13. b3 h6 14. Bxe7 Qxe7 {0-1 (42) Nakamura,H (2769)-Vachier Lagrave,M (2789) Leuven 2018}) 7... O-O 8. O-O Be6 9. Re1 h6 {LiveBook: 4 Games} (9... Nxe4 $5 10. Nxe4 d5 $11) 10. Nd5 Bxd5 11. Bxd5 $146 (11. exd5 {is interesting.} Nb4 12. c3 Nbxd5 13. Nh4 Nb6 14. Bb3) ({Predecessor:} 11. exd5 Nb4 12. Nh4 Qd7 {½-½ (41) Speisser,P (2191)-Tassone,R (2164) ICCF email 2014}) 11... Nxd5 12. exd5 Nb4 13. c4 f5 14. Ra3 Bf6 15. a5 {[#]} Re8 ({Black should try} 15... b5 $1 $15 {[%mdl 512]} 16. axb6 (16. cxb5 Qd7) 16... axb6) 16. Nd2 Qd7 17. Nf1 b5 18. Bd2 bxc4 19. dxc4 Rab8 20. Bc3 Bg5 21. f3 e4 22. fxe4 Rxe4 23. b3 (23. Rxe4 $11 {keeps the balance.} fxe4 24. Qe2) 23... Rbe8 24. Ra4 (24. Rxe4 $142 Rxe4 25. Ra4) 24... Bh4 ({Black should play} 24... Rxe1 $17 25. Bxe1 Nd3 $1 {[%mdl 512]}) 25. Rxe4 $15 fxe4 26. Bxb4 (26. Qh5 $15 Bd8 27. Ng3) 26... cxb4 $17 27. Ne3 (27. Ra2 $17 {might work better.}) 27... Rf8 $36 {[%mdl 2048] White must now prevent ...Bf2+. White is under strong pressure.} 28. Ra2 {[#]} Qf7 $1 {Strongly threatening ...Bf2+.} 29. Kh1 Qf4 30. Re2 h5 31. c5 dxc5 (31... Bf2 $19 32. Qd2 dxc5) 32. d6 Qe5 {Threatens to win with ...Qd4.} 33. Nc4 {[#]} Qe6 $1 34. Kg1 Bf6 35. Qe1 Bd4+ 36. Kh1 {[#]} e3 $1 {[%mdl 512]} 37. Nxe3 (37. Kh2 $142) 37... Qxd6 (37... Qxb3 $19 {Hoping for ...Qf7.} 38. Nc2 Bf6) 38. Nc4 Qg6 39. Re7 $2 (39. Qd1 $17) 39... Rf2 $19 {[%csl Gf2][%cal Rg6g2]} 40. Qe6+ Qxe6 41. Rxe6 {[%mdl 4096] Endgame KRB-KRN} Rf1+ 42. Kh2 h4 {( -> ...Bg1+)} 43. g4 Rf2+ 44. Kh1 Rf3 45. Kg2 Rg3+ 46. Kh2 Rxb3 47. Ra6 Rc3 48. Nd6 Be5+ 49. Kg2 Bxd6 50. Rxd6 {KR-KR} b3 51. Rd7 c4 {Black mates.} 52. Rb7 Rc2+ 53. Kf3 b2 54. Ke4 c3 55. Rb8+ Kh7 56. g5 Rc1 57. Kf5 b1=Q+ 58. Rxb1 Rxb1 {KR-K3P} 59. a6 g6+ 60. Ke4 c2 61. Kf3 c1=Q 62. Kg2 Qe3 {[%csl Gh4][%cal Re3g3]} 63. Kh2 Qg3# {Precision: White = 36%, Black = 74%.} (63... Qg1# $142) 0-1

[Event "1st Gujarat GM Open 2018"]
[Site "Ahmedabad"]
[Date "2018.10.09"]
[Round "6"]
[White "Ayushh, Ravikumar"]
[Black "Barath Kalyan M"]
[Result "0-1"]
[WhiteElo "1843"]
[BlackElo "2084"]
[Annotator "NA RC"]
[PlyCount "92"]
[EventDate "2018.10.05"]
[EventType "swiss"]
[EventCountry "IND"]
[SourceTitle "playchess.com"]
[Source "ChessBase"]
[SourceQuality "1"]
[TimeControl "5400+30"]

1. d4 {[%emt 0:00:00]} Nf6 {[%emt 0:00:24]} 2. Nf3 {[%emt 0:00:13]} e6 {[%emt 0:01:04]} 3. c4 {[%emt 0:00:40]} Bb4+ {[%emt 0:01:11]} 4. Nc3 {[%emt 0:00:38]} O-O {[%emt 0:03:11]} 5. Bg5 {[%emt 0:00:40]} d6 {[%emt 0:00:53]} 6. a3 {[%emt 0:04:03]} Bxc3+ {[%emt 0:00:16]} 7. bxc3 {[%emt 0:00:06]} Nbd7 {[%emt 0:00:10]} 8. e3 {[%emt 0:01:41]} Qe8 {[%emt 0:00:34]} 9. Bxf6 {[%emt 0:02:55]} Nxf6 {[%emt 0:00:07]} 10. Be2 {[%emt 0:00:41]} b6 {[%emt 0:02:02]} 11. O-O {[%emt 0:01:16]} Bb7 {[%emt 0:01:30]} 12. Nd2 {[%emt 0:02:14]} e5 {[%emt 0:00:24]} 13. Re1 {[%emt 0:03:42]} Qe7 {[%emt 0:01:21]} 14. a4 {[%emt 0:06:28]} a5 {[%emt 0:01:48]} 15. Qc2 {[%emt 0:01:44]} Nd7 {[%emt 0:02:41]} 16. Bf3 {[%emt 0:05:25]} Bxf3 {[%emt 0:01:23]} 17. Nxf3 {[%emt 0:00:05]} f5 {[%emt 0:00:26]} 18. Nd2 {[%emt 0:03:55]} Qg5 {[%emt 0:05:44]} 19. Qd3 {[%emt 0:09:11]} Rae8 {[%emt 0:05:14]} 20. e4 {[%emt 0:02:19]} f4 {[%emt 0:09:23]} 21. f3 {[%emt 0:08:09]} Rf6 {[%emt 0:01:20]} 22. Re2 {[%emt 0:01:50]} Rh6 {[%emt 0:00:16]} 23. Nf1 {[%emt 0:00:29]} Qe7 {[%emt 0:00:52]} 24. Rc2 {[%emt 0:02:54]} g5 {[%emt 0:00:17]} 25. g4 {[%emt 0:03:20]} Rh4 {[%emt 0:01:05]} 26. Rg2 {[%emt 0:11:04]} Kg7 {[%emt 0:00:45]} 27. Kf2 {[%emt 0:01:01]} Rh8 {[%emt 0:00:23]} 28. Ra2 {[%emt 0:02:00]} Rh3 {[%emt 0:00:37]} 29. Ke1 {[%emt 0:02:16]} Kf7 {[%emt 0:00:37]} 30. Rg1 {[%emt 0:00:59]} Nf6 {[%emt 0:00:56]} 31. Rag2 {[%emt 0:04:58]} Qe8 {[%emt 0:01:49]} 32. Qd1 {[%emt 0:02:21]} h5 {[%emt 0:05:35]} 33. gxh5 {[%emt 0:01:03]} g4 {[%emt 0:02:27]} 34. Rxg4 {[%emt 0:01:54]} Nxg4 {[%emt 0:00:14]} 35. Rxg4 {[%emt 0:00:06]} R3xh5 {[%emt 0:00:21]} 36. Qc2 {[%emt 0:04:42]} Rg8 {[%emt 0:05:11]} 37. Rxg8 {[%emt 0:03:57]} Qxg8 {[%emt 0:00:47]} 38. c5 {[%emt 0:03:35]} Kf6 {[%emt 0:00:41]} 39. cxb6 {[%emt 0:00:54]} cxb6 {[%emt 0:00:10]} 40. Qb2 {[%emt 0:01:24]} Qc4 {[%emt 0:00:33]} 41. Nd2 {[%emt 0:02:33]} Qc6 {[%emt 0:01:34]} 42. Nf1 {[%emt 0:00:47]} Rg5 {[%emt 0:02:50]} 43. Kf2 {[%emt 0:00:42]} Qxa4 {[%emt 0:00:39]} 44. Qxb6 {[%emt 0:00:34]} Qc2+ {[%emt 0:00:07]} 45. Ke1 {[%emt 0:00:06]} Qxc3+ {[%emt 0:00:07]} 46. Kf2 {[%emt 0:00:53]} Qxd4+ {[%emt 0:00:07]} 0-1